[Event "HUN-chT2 Szechenyi 1819"]
[Site "Hungary"]
[Date "2019.03.31"]
[Round "8.2"]
[White "Rezsek, Gyozo"]
[Black "Jonas, Zsolt"]
[Result "1-0"]
[WhiteElo "1981"]
[BlackElo "2061"]
[PlyCount "59"]
[EventDate "2018.10.28"]
[EventType "team-tourn"]
[EventRounds "9"]
[EventCountry "HUN"]
[SourceTitle "EXT 2021"]
[Source "ChessBase"]
[SourceDate "2020.10.23"]
[SourceVersion "1"]
[SourceVersionDate "2020.10.23"]
[SourceQuality "1"]
[WhiteTeam "Keszthely Spartacus"]
[BlackTeam "Veszprem Ezust Huszar"]
[WhiteTeamCountry "HUN"]
[BlackTeamCountry "HUN"]

1. d4 e6 2. e4 c5 3. Nf3 cxd4 4. Nxd4 a6 5. Nc3 d6 6. a4 Nf6 7. Be2 Qc7 8. 0-0 Nbd7 9. f4 Be7 10. Kh1 Nc5 11. Bf3 e5 12. Nb3 Be6 13. Be3 exf4 14. Bxf4 Nxb3 15. cxb3 Rd8 16. Nd5 Nxd5 17. exd5 Bf5 18. Re1 0-0 19. Rc1 Qd7 20. Qd4 Rc8 21. Qb6 g5 22. Bg3 g4 23. Rxc8 Rxc8 24. Be4 Bxe4 25. Rxe4 Rc5 26. Qb4 f5 27. Re1 Kg7 28. Qd2 Qc7 29. Bf2 Rc2 30. Bd4+ 1-0

[Event "HUN-chT2 Szechenyi 1819"]
[Site "Hungary"]
[Date "2019.02.24"]
[Round "6.1"]
[White "Rezsek, Gyozo"]
[Black "Joo, Gabor"]
[Result "1/2-1/2"]
[WhiteElo "1981"]
[BlackElo "1975"]
[PlyCount "21"]
[EventDate "2018.10.28"]
[EventType "team-tourn"]
[EventRounds "9"]
[EventCountry "HUN"]
[SourceTitle "EXT 2021"]
[Source "ChessBase"]
[SourceDate "2020.10.23"]
[SourceVersion "1"]
[SourceVersionDate "2020.10.23"]
[SourceQuality "1"]
[WhiteTeam "Keszthely Spartacus"]
[BlackTeam "Haladas Szombathely III"]
[WhiteTeamCountry "HUN"]
[BlackTeamCountry "HUN"]

1. d4 Nf6 2. c4 e6 3. Nf3 b6 4. a3 d5 5. e3 Bb7 6. Nc3 Be7 7. cxd5 exd5 8. Qa4+ Nbd7 9. Ne5 0-0 10. Nxd7 Qxd7 11. Qxd7 1/2-1/2

[Event "HUN-chT2 Szechenyi 1718"]
[Site "Hungary"]
[Date "2018.01.28"]
[Round "5.2"]
[White "Rezsek, Gyozo"]
[Black "Heiligermann, Gabor"]
[Result "1/2-1/2"]
[WhiteElo "2010"]
[BlackElo "2015"]
[PlyCount "32"]
[EventDate "2017.10.29"]
[EventType "team-tourn"]
[EventRounds "9"]
[EventCountry "HUN"]
[SourceTitle "EXT 2021"]
[Source "ChessBase"]
[SourceDate "2020.10.23"]
[SourceVersion "1"]
[SourceVersionDate "2020.10.23"]
[SourceQuality "1"]
[WhiteTeam "Keszthely Spartacus"]
[BlackTeam "Tapolca VSE II"]
[WhiteTeamCountry "HUN"]
[BlackTeamCountry "HUN"]

1. e4 c5 2. Nf3 Nc6 3. Bb5 g6 4. 0-0 Bg7 5. c3 e5 6. d4 cxd4 7. cxd4 Nxd4 8. Nxd4 exd4 9. Nd2 Ne7 10. Nb3 Nc6 11. Bf4 0-0 12. Qd2 d5 13. Bxc6 bxc6 14. e5 f6 15. Qxd4 Qb6 16. Rfe1 Ba6 1/2-1/2

[Event "HUN-chT2 Szechenyi 1718"]
[Site "Hungary"]
[Date "2017.12.03"]
[Round "3.2"]
[White "Hardicsay, Peter"]
[Black "Rezsek, Gyozo"]
[Result "1-0"]
[WhiteElo "2217"]
[BlackElo "2010"]
[PlyCount "53"]
[EventDate "2017.10.29"]
[EventType "team-tourn"]
[EventRounds "9"]
[EventCountry "HUN"]
[SourceTitle "EXT 2021"]
[Source "ChessBase"]
[SourceDate "2020.10.23"]
[SourceVersion "1"]
[SourceVersionDate "2020.10.23"]
[SourceQuality "1"]
[WhiteTeam "Ajka ASSE"]
[BlackTeam "Keszthely Spartacus"]
[WhiteTeamCountry "HUN"]
[BlackTeamCountry "HUN"]

1. e4 c5 2. Nf3 d6 3. d4 Nf6 4. dxc5 Nxe4 5. cxd6 Nxd6 6. Nc3 Nc6 7. Bf4 Bg4 8. Bxd6 exd6 9. Be2 Qa5 10. 0-0 0-0-0 11. Nd5 Ne7 12. Ne3 Be6 13. Nd4 h5 14. c3 Nd5 15. Nxd5 Qxd5 16. Bf3 Qg5 17. Re1 Bd5 18. Qa4 Bxf3 19. Nxf3 Qc5 20. Re8 b5 21. Qa6+ Kd7 22. Qb7+ Qc7 23. Qxb5+ Kc8 24. Rae1 Qb6 25. Rxd8+ Kxd8 26. Re8+ Kc7 27. Qc4+ 1-0

[Event "HUN-chT2 Szechenyi 1617"]
[Site "Hungary"]
[Date "2017.02.26"]
[Round "9.4"]
[White "Jakab, Attila"]
[Black "Rezsek, Gyozo"]
[Result "1-0"]
[WhiteElo "2354"]
[BlackElo "1935"]
[PlyCount "111"]
[EventDate "2016.09.25"]
[EventType "team-tourn"]
[EventRounds "11"]
[EventCountry "HUN"]
[SourceTitle "EXT 2021"]
[Source "ChessBase"]
[SourceDate "2020.10.23"]
[SourceVersion "1"]
[SourceVersionDate "2020.10.23"]
[SourceQuality "1"]
[WhiteTeam "Ajka Banyasz"]
[BlackTeam "Keszthely Spartacus"]
[WhiteTeamCountry "HUN"]
[BlackTeamCountry "HUN"]

1. d4 Nf6 2. c4 e6 3. Nc3 Bb4 4. e3 0-0 5. Bd3 d5 6. Nf3 c5 7. 0-0 dxc4 8. Bxc4 cxd4 9. exd4 b6 10. Bg5 Bb7 11. Qd3 Bxc3 12. bxc3 Nbd7 13. Bb3 Rc8 14. Rfd1 Qc7 15. Rac1 Rfd8 16. h3 Be4 17. Qe3 Qb7 18. Ne1 b5 19. f3 Bd5 20. Nd3 Re8 21. Qf2 Bc4 22. Qg3 Kh8 23. Ne5 Nxe5 24. dxe5 Nd5 25. Bc2 Qb6+ 26. Kh1 Qc5 27. Rd4 Ne7 28. Rd7 Nf5 29. Qe1 Rc7 30. Rcd1 Kg8 31. g4 Rxd7 32. Rxd7 Qc6 33. Rd2 Qxf3+ 34. Kh2 Nh6 35. Rf2 Nxg4+ 36. hxg4 Qxg4 37. Rg2 Qh5+ 38. Qh4 Qxh4+ 39. Bxh4 Bxa2 40. Bf6 g6 41. Bxg6 fxg6 42. Rxa2 Ra8 43. Ra6 Kf7 44. Kg3 g5 45. Bxg5 Kg6 46. Kf4 Rf8+ 47. Bf6 Rc8 48. Rxe6 Rc4+ 49. Ke3 Kf5 50. Ra6 Rxc3+ 51. Kd4 Rc7 52. Kd5 b4 53. Kd6 b3 54. Ra1 Rb7 55. Rf1+ Kg6 56. e6 1-0

[Event "Budapest Duna op"]
[Site "Budapest"]
[Date "2015.09.26"]
[Round "4"]
[White "Vargyas, Zoltan"]
[Black "Rezsek, Gyozo"]
[Result "1-0"]
[WhiteElo "2094"]
[BlackElo "2015"]
[PlyCount "71"]
[EventDate "2015.09.23"]
[EventType "swiss"]
[EventRounds "9"]
[EventCountry "HUN"]
[SourceTitle "CBM 168 Extra"]
[Source "ChessBase"]
[SourceDate "2015.10.29"]
[SourceVersion "1"]
[SourceVersionDate "2015.10.29"]
[SourceQuality "1"]

1. e4 e5 2. Nf3 Nc6 3. Bc4 Be7 4. d4 d6 5. 0-0 Nf6 6. d5 Nb8 7. Bd3 Nbd7 8. Be3 Ng4 9. Bd2 Ngf6 10. b4 0-0 11. c4 c6 12. a4 cxd5 13. cxd5 a5 14. bxa5 Nc5 15. Qc2 Nfxe4 16. Bxe4 f5 17. Bd3 Nxd3 18. Qxd3 e4 19. Qe3 exf3 20. Qxf3 Qd7 21. Nc3 Bf6 22. Nb5 Bxa1 23. Rxa1 b6 24. Rc1 Rxa5 25. Bxa5 bxa5 26. Rc7 Qe8 27. Qc3 Bd7 28. Nxd6 Qe2 29. h4 Qe7 30. Nc8 Rxc8 31. Rxc8+ Bxc8 32. Qxc8+ Kf7 33. Qxf5+ Ke8 34. Qxh7 Qe1+ 35. Kh2 Qe5+ 36. g3 1-0

[Event "HUN-chT2 Szechenyi 1415"]
[Site "Hungary"]
[Date "2015.02.08"]
[Round "8.2"]
[White "Cseke, Richard"]
[Black "Rezsek, Gyozo"]
[Result "1-0"]
[WhiteElo "2285"]
[BlackElo "1983"]
[PlyCount "79"]
[EventDate "2014.09.07"]
[EventType "team-tourn"]
[EventRounds "11"]
[EventCountry "HUN"]
[SourceTitle "EXT 2016"]
[Source "ChessBase"]
[SourceDate "2015.10.08"]
[SourceVersion "1"]
[SourceVersionDate "2015.10.08"]
[SourceQuality "1"]
[WhiteTeam "Ajka Banyasz"]
[BlackTeam "Keszthely"]
[WhiteTeamCountry "HUN"]
[BlackTeamCountry "HUN"]

1. e4 e5 2. Nf3 Nc6 3. Bb5 a6 4. Ba4 Nf6 5. d4 exd4 6. 0-0 Be7 7. Re1 0-0 8. e5 Ne8 9. c3 dxc3 10. Nxc3 d6 11. exd6 Bxd6 12. Bg5 Qd7 13. Nd5 f6 14. Bh4 Kh8 15. Rc1 b5 16. Bb3 Na5 17. Bc2 Bb7 18. Nf4 Qf7 19. Ne6 Rg8 20. Bxh7 Qh5 21. Bxg8 Kxg8 22. Bg3 Bb4 23. Re3 Nc4 24. Rb3 Ba5 25. Nf4 Qf7 26. Qd3 Ned6 27. Qg6 Qe7 28. Qh5 Re8 29. h4 Qe4 30. Qg6 Qe7 31. h5 Be4 32. Qg4 Bf5 33. Qh4 Ne4 34. Nd4 Bd7 35. Ng6 Qf7 36. Rxc4 bxc4 37. Re3 Bb6 38. Rxe4 Bxd4 39. Rxe8+ Qxe8 40. Qxd4 1-0

[Event "HUN-chT2 Szechenyi 1415"]
[Site "Hungary"]
[Date "2015.01.25"]
[Round "7.2"]
[White "Rezsek, Gyozo"]
[Black "Jonas, Zsolt"]
[Result "1-0"]
[WhiteElo "1983"]
[BlackElo "2108"]
[PlyCount "93"]
[EventDate "2014.09.07"]
[EventType "team-tourn"]
[EventRounds "11"]
[EventCountry "HUN"]
[SourceTitle "EXT 2016"]
[Source "ChessBase"]
[SourceDate "2015.10.08"]
[SourceVersion "1"]
[SourceVersionDate "2015.10.08"]
[SourceQuality "1"]
[WhiteTeam "Keszthely"]
[BlackTeam "Veszprem"]
[WhiteTeamCountry "HUN"]
[BlackTeamCountry "HUN"]

1. Nf3 d6 2. e4 c5 3. d4 cxd4 4. Nxd4 Nf6 5. Nc3 a6 6. Bc4 e6 7. 0-0 Be7 8. f4 b5 9. Bb3 b4 10. Na4 0-0 11. e5 dxe5 12. fxe5 Nd5 13. Qg4 Kh8 14. Nf3 Nc6 15. Bd2 f5 16. exf6 Bxf6 17. Qe4 Qd6 18. Rae1 Bd7 19. Ng5 Bxg5 20. Bxg5 Rae8 21. Rd1 Rxf1+ 22. Rxf1 Na5 23. Rd1 Nxb3 24. cxb3 Rf8 25. Qd4 Bb5 26. Qc5 Qb8 27. Qd4 Qe8 28. Nc5 Qg6 29. Bc1 Bc6 30. Qd3 Qg4 31. h3 Qh4 32. Rf1 Rxf1+ 33. Qxf1 Qd4+ 34. Qf2 Qd1+ 35. Kh2 Nf6 36. Qd2 Qf1 37. Nxe6 h6 38. Nf4 g5 39. Qd8+ Ne8 40. Qd4+ Kg8 41. Qc5 Be4 42. Qe7 Nd6 43. Qxd6 gxf4 44. Qe6+ Kg7 45. Qe7+ Kg8 46. Qxe4 Qxc1 47. Qc4+ 1-0

[Event "Balaton op 32nd"]
[Site "Balatonboglar"]
[Date "2014.06.21"]
[Round "8"]
[White "Rezsek, Gyozo"]
[Black "Jeszenszky, Jozsef"]
[Result "1-0"]
[WhiteElo "2019"]
[BlackElo "1958"]
[PlyCount "97"]
[EventDate "2014.06.14"]
[EventType "swiss"]
[EventRounds "9"]
[EventCountry "HUN"]
[SourceTitle "EXT 2015"]
[Source "ChessBase"]
[SourceDate "2014.11.20"]
[SourceVersion "1"]
[SourceVersionDate "2014.11.20"]
[SourceQuality "1"]

1. e4 e6 2. d3 d5 3. Nd2 c5 4. Ngf3 Nc6 5. g3 Nf6 6. Bg2 Be7 7. 0-0 0-0 8. e5 Nd7 9. Re1 Qc7 10. Qe2 b5 11. h4 b4 12. Nf1 a5 13. Bf4 Ba6 14. Ne3 a4 15. Nxd5 exd5 16. e6 Bd6 17. Bxd6 Qxd6 18. exd7 Qxd7 19. Ne5 Nxe5 20. Qxe5 Rad8 21. Rad1 Rfe8 22. Qxd5 Qxd5 23. Bxd5 Bb5 24. Rxe8+ Rxe8 25. Kf1 Re5 26. Bc4 Bd7 27. f4 Bg4 28. Re1 Rxe1+ 29. Kxe1 a3 30. bxa3 bxa3 31. Kd2 Kf8 32. Kc3 Ke7 33. Bb3 f6 34. Bg8 h6 35. Bb3 Kd6 36. Kc4 Be6+ 37. Kc3 Bg4 38. Kc4 Be6+ 39. Kb5 Bxb3 40. cxb3 Kd5 41. b4 cxb4 42. Kxb4 Kd4 43. Kxa3 Kxd3 44. Kb4 Ke3 45. a4 Kf3 46. a5 Kxg3 47. a6 Kxh4 48. a7 h5 49. a8Q 1-0

[Event "Balaton op 32nd"]
[Site "Balatonboglar"]
[Date "2014.06.15"]
[Round "2"]
[White "Rezsek, Gyozo"]
[Black "Csala, Imre"]
[Result "0-1"]
[WhiteElo "2019"]
[BlackElo "2192"]
[PlyCount "60"]
[EventDate "2014.06.14"]
[EventType "swiss"]
[EventRounds "9"]
[EventCountry "HUN"]
[SourceTitle "EXT 2015"]
[Source "ChessBase"]
[SourceDate "2014.11.20"]
[SourceVersion "1"]
[SourceVersionDate "2014.11.20"]
[SourceQuality "1"]

1. e4 d6 2. d4 Nf6 3. Nc3 c6 4. Nf3 Nbd7 5. Be2 e5 6. 0-0 Be7 7. dxe5 dxe5 8. Bc4 b5 9. Bb3 0-0 10. Ng5 Nc5 11. Bxf7+ Rxf7 12. Nxf7 Kxf7 13. Qxd8 Bxd8 14. Bg5 b4 15. Bxf6 gxf6 16. Ne2 Nxe4 17. Ng3 Nxg3 18. hxg3 Bf5 19. Rfd1 Bxc2 20. Rdc1 Be4 21. Rc4 Bd5 22. Rxb4 Bb6 23. a4 Rg8 24. a5 Bd4 25. Rb7+ Ke6 26. Rd1 Rxg3 27. Rxd4 Rxg2+ 28. Kf1 exd4 29. Rxa7 d3 30. Rxh7 Rg1+ 0-1

[Event "HUN-chT2 Szechenyi 1314"]
[Site "Hungary"]
[Date "2014.02.16"]
[Round "7.2"]
[White "Rezsek, Gyozo"]
[Black "Oltean, Gusztav"]
[Result "0-1"]
[WhiteElo "2032"]
[BlackElo "2053"]
[PlyCount "132"]
[EventDate "2013.09.08"]
[EventType "team-tourn"]
[EventRounds "11"]
[EventCountry "HUN"]
[SourceTitle "EXT 2016"]
[Source "ChessBase"]
[SourceDate "2015.10.08"]
[SourceVersion "1"]
[SourceVersionDate "2015.10.08"]
[SourceQuality "1"]
[WhiteTeam "Keszthely Spartacus"]
[BlackTeam "Veszprem"]
[WhiteTeamCountry "HUN"]
[BlackTeamCountry "HUN"]

1. d4 Nf6 2. c4 c5 3. d5 g6 4. Nc3 Bg7 5. e4 d6 6. Be2 0-0 7. Bg5 h6 8. Bf4 Na6 9. Qd2 Kh7 10. h3 Nd7 11. Nf3 Nc7 12. 0-0 b6 13. Rfe1 Ne8 14. Bd3 Ne5 15. Be2 Ba6 16. b3 Bb7 17. Rac1 Nf6 18. Bd1 Nxf3+ 19. Bxf3 Nd7 20. Be2 a6 21. Be3 Qc7 22. Bf1 Rae8 23. Bf4 e5 24. dxe6 Rxe6 25. Nd5 Qd8 26. a4 a5 27. g4 Ne5 28. Bg2 Nc6 29. Bg3 Nd4 30. Rb1 Bxd5 31. cxd5 Ree8 32. f4 Qc7 33. Bf2 Re7 34. Qd3 Rb8 35. Kh1 Qd7 36. Bxd4 Bxd4 37. Qb5 Qxb5 38. axb5 f6 39. Rbc1 Ra7 40. Rc4 a4 41. bxa4 Rba8 42. f5 Rxa4 43. Rxa4 Rxa4 44. Rc1 Be5 45. Bf1 Ra2 46. Rc4 h5 47. gxh5 gxh5 48. Rc1 Kh6 49. Re1 Kg5 50. Be2 h4 51. Bf1 Kf4 52. Bg2 Ra1 53. Rxa1 Bxa1 54. Kg1 Ke3 55. Kf1 Bc3 56. Bh1 c4 57. Bg2 Be5 58. Ke1 Kd4 59. Kd2 Kc5 60. Bf1 Kxb5 61. Be2 Kc5 62. Ke3 b5 63. Bd1 b4 64. Kd2 b3 65. Ke3 Kb4 66. Kd2 Bf4+ 0-1

[Event "HUN-chT2 Szechenyi 1314"]
[Site "Hungary"]
[Date "2013.11.17"]
[Round "5.2"]
[White "Rezsek, Gyozo"]
[Black "Husari, Satea"]
[Result "0-1"]
[WhiteElo "2032"]
[BlackElo "2285"]
[PlyCount "78"]
[EventDate "2013.09.08"]
[EventType "team-tourn"]
[EventRounds "11"]
[EventCountry "HUN"]
[SourceTitle "EXT 2016"]
[Source "ChessBase"]
[SourceDate "2015.10.08"]
[SourceVersion "1"]
[SourceVersionDate "2015.10.08"]
[SourceQuality "1"]
[WhiteTeam "Keszthely Spartacus"]
[BlackTeam "Ajka Banyasz"]
[WhiteTeamCountry "HUN"]
[BlackTeamCountry "HUN"]

1. e4 e5 2. Nf3 Nc6 3. Bb5 a6 4. Bxc6 dxc6 5. 0-0 Bg4 6. h3 Bh5 7. d3 Bd6 8. Be3 c5 9. Nbd2 f6 10. c3 Ne7 11. Nb3 b6 12. Qe2 0-0 13. g4 Bf7 14. Nh4 Qd7 15. Nd2 b5 16. Rfd1 Qc6 17. Nf1 c4 18. Ng3 cxd3 19. Qxd3 g6 20. Bh6 Bc4 21. Qf3 Rf7 22. Be3 Kh8 23. Rd2 Be6 24. Qg2 Rg8 25. f3 a5 26. a3 f5 27. Bf2 Rgf8 28. Qf1 fxg4 29. hxg4 Ng8 30. Kh1 Be7 31. Qh3 Bxh4 32. Qxh4 Rxf3 33. Bg1 Nf6 34. Re1 Bxg4 35. Rh2 Rf4 36. Qh6 Bf3+ 37. Rg2 Nxe4 38. Kh2 Bxg2 39. Nxe4 Bxe4 0-1

[Event "HUN-chT2 Szechenyi 1213"]
[Site "Hungary"]
[Date "2013.02.17"]
[Round "7.1"]
[White "Rezsek, Gyozo"]
[Black "Jonas, Zsolt"]
[Result "0-1"]
[WhiteElo "2050"]
[BlackElo "2100"]
[PlyCount "88"]
[EventDate "2012.09.16"]
[EventType "team-tourn"]
[EventRounds "11"]
[EventCountry "HUN"]
[SourceTitle "EXT 2014"]
[Source "ChessBase"]
[SourceDate "2013.11.20"]
[SourceVersion "1"]
[SourceVersionDate "2013.11.20"]
[SourceQuality "1"]
[WhiteTeam "Keszthely"]
[BlackTeam "Veszprem"]
[WhiteTeamCountry "HUN"]
[BlackTeamCountry "HUN"]

1. e4 c5 2. Nf3 d6 3. d4 cxd4 4. Nxd4 Nf6 5. Nc3 a6 6. Be2 e6 7. Be3 Qc7 8. f4 b5 9. Bf3 Bb7 10. a3 Nbd7 11. Nb3 Be7 12. 0-0 0-0 13. Qe2 Nc5 14. Bf2 Rad8 15. Rad1 Nfd7 16. Nd4 Nb6 17. Rfe1 Nca4 18. Nxa4 Nxa4 19. c3 Nb6 20. g4 Nc4 21. g5 e5 22. Nf5 exf4 23. Bd4 Ne5 24. Qf2 Bxg5 25. Bg2 Qc4 26. h4 Bf6 27. Qxf4 Rfe8 28. Bb6 Nd3 29. Rxd3 Qxd3 30. Nh6+ Kf8 31. Bxd8 Rxd8 32. Nf5 Be5 33. Qg5 Re8 34. Qh5 g6 35. Rd1 Qc4 36. Qh6+ Kg8 37. Nd4 Qc8 38. Qg5 Qd8 39. Qh6 Bf6 40. Rd3 Bxe4 41. Bxe4 Rxe4 42. Nf3 Qb6+ 43. Kf1 Qc5 44. Qd2 Qf5 0-1

[Event "HUN-chT2 Szechenyi 1213"]
[Site "Hungary"]
[Date "2012.11.04"]
[Round "3.1"]
[White "Madl, Ildiko"]
[Black "Rezsek, Gyozo"]
[Result "1-0"]
[WhiteElo "2329"]
[BlackElo "2050"]
[PlyCount "49"]
[EventDate "2012.09.16"]
[EventType "team-tourn"]
[EventRounds "11"]
[EventCountry "HUN"]
[SourceTitle "EXT 2014"]
[Source "ChessBase"]
[SourceDate "2013.11.20"]
[SourceVersion "1"]
[SourceVersionDate "2013.11.20"]
[SourceQuality "1"]
[WhiteTeam "Tapolca"]
[BlackTeam "Keszthely"]
[WhiteTeamCountry "HUN"]
[BlackTeamCountry "HUN"]

1. e4 e5 2. Nf3 Nc6 3. Bb5 a6 4. Ba4 Nf6 5. 0-0 Be7 6. Re1 b5 7. Bb3 0-0 8. h3 Bb7 9. d3 a5 10. a4 b4 11. Nbd2 d6 12. Nf1 h6 13. Ne3 Re8 14. c3 Bf8 15. Bd2 bxc3 16. bxc3 Ne7 17. Bxf7+ Kxf7 18. Qb3+ Kg6 19. Qxb7 Rb8 20. Qa6 Rb6 21. Qc4 Qb8 22. Qe6 Kh7 23. Qf7 Rb2 24. Nc4 Qb3 25. Ra3 1-0

[Event "Zalakaros op 31st"]
[Site "Zalakaros"]
[Date "2012.06.14"]
[Round "7"]
[White "Nemeth, Miklos"]
[Black "Rezsek, Gyozo"]
[Result "1-0"]
[WhiteElo "2452"]
[BlackElo "2032"]
[PlyCount "53"]
[EventDate "2012.06.08"]
[EventType "swiss"]
[EventRounds "9"]
[EventCountry "HUN"]
[SourceTitle "EXT 2014"]
[Source "ChessBase"]
[SourceDate "2013.11.20"]
[SourceVersion "1"]
[SourceVersionDate "2013.11.20"]
[SourceQuality "1"]

1. e4 e5 2. Nf3 Nc6 3. Bc4 Be7 4. d4 d6 5. c3 Nf6 6. d5 Nb8 7. Bd3 0-0 8. c4 Nbd7 9. Nc3 c6 10. 0-0 Re8 11. Re1 Nf8 12. Bf1 Ng6 13. Rb1 Rf8 14. b4 cxd5 15. exd5 Kh8 16. Bb2 Ng4 17. h3 Nh6 18. Qd2 f5 19. Rbd1 Bd7 20. Qc2 Rc8 21. Qb3 Nh4 22. Nxh4 Bxh4 23. c5 Re8 24. Nb5 dxc5 25. bxc5 Rxc5 26. Nd6 Ba4 27. Qxa4 1-0